|
|
|
|
| LEADER |
03230nam a2200625 4500 |
| 001 |
978-3-540-39432-7 |
| 003 |
DE-He213 |
| 005 |
20191022033809.0 |
| 007 |
cr nn 008mamaa |
| 008 |
121227s2003 gw | s |||| 0|eng d |
| 020 |
|
|
|a 9783540394327
|9 978-3-540-39432-7
|
| 024 |
7 |
|
|a 10.1007/b12035
|2 doi
|
| 040 |
|
|
|d GrThAP
|
| 050 |
|
4 |
|a Q334-342
|
| 072 |
|
7 |
|a UYQ
|2 bicssc
|
| 072 |
|
7 |
|a COM004000
|2 bisacsh
|
| 072 |
|
7 |
|a UYQ
|2 thema
|
| 082 |
0 |
4 |
|a 006.3
|2 23
|
| 245 |
1 |
0 |
|a Advances in Artificial Life
|h [electronic resource] :
|b 7th European Conference, ECAL 2003, Dortmund, Germany, September 14-17, 2003, Proceedings /
|c edited by Wolfgang Banzhaf, Thomas Christaller, Peter Dittrich, Jan, T. Kim, Jens Ziegler.
|
| 250 |
|
|
|a 1st ed. 2003.
|
| 264 |
|
1 |
|a Berlin, Heidelberg :
|b Springer Berlin Heidelberg :
|b Imprint: Springer,
|c 2003.
|
| 300 |
|
|
|a XXXII, 908 p.
|b online resource.
|
| 336 |
|
|
|a text
|b txt
|2 rdacontent
|
| 337 |
|
|
|a computer
|b c
|2 rdamedia
|
| 338 |
|
|
|a online resource
|b cr
|2 rdacarrier
|
| 347 |
|
|
|a text file
|b PDF
|2 rda
|
| 490 |
1 |
|
|a Lecture Notes in Artificial Intelligence ;
|v 2801
|
| 505 |
0 |
|
|a Artificial Chemistries, Self-Organization, and Self-Replication -- Artificial Societies -- Cellular and Neural Systems -- Evolution and Development -- Evolutionary and Adaptive Dynamics -- Languages and Communication -- Methodologies and Applications -- Robotics and Autonomous Agents.
|
| 650 |
|
0 |
|a Artificial intelligence.
|
| 650 |
|
0 |
|a Computer simulation.
|
| 650 |
|
0 |
|a Life sciences.
|
| 650 |
|
0 |
|a Computers.
|
| 650 |
|
0 |
|a Computer science-Mathematics.
|
| 650 |
|
0 |
|a User interfaces (Computer systems).
|
| 650 |
1 |
4 |
|a Artificial Intelligence.
|0 http://scigraph.springernature.com/things/product-market-codes/I21000
|
| 650 |
2 |
4 |
|a Simulation and Modeling.
|0 http://scigraph.springernature.com/things/product-market-codes/I19000
|
| 650 |
2 |
4 |
|a Life Sciences, general.
|0 http://scigraph.springernature.com/things/product-market-codes/L00004
|
| 650 |
2 |
4 |
|a Computation by Abstract Devices.
|0 http://scigraph.springernature.com/things/product-market-codes/I16013
|
| 650 |
2 |
4 |
|a Discrete Mathematics in Computer Science.
|0 http://scigraph.springernature.com/things/product-market-codes/I17028
|
| 650 |
2 |
4 |
|a User Interfaces and Human Computer Interaction.
|0 http://scigraph.springernature.com/things/product-market-codes/I18067
|
| 700 |
1 |
|
|a Banzhaf, Wolfgang.
|e editor.
|4 edt
|4 http://id.loc.gov/vocabulary/relators/edt
|
| 700 |
1 |
|
|a Christaller, Thomas.
|e editor.
|4 edt
|4 http://id.loc.gov/vocabulary/relators/edt
|
| 700 |
1 |
|
|a Dittrich, Peter.
|e editor.
|4 edt
|4 http://id.loc.gov/vocabulary/relators/edt
|
| 700 |
1 |
|
|a Kim, Jan, T.
|e editor.
|4 edt
|4 http://id.loc.gov/vocabulary/relators/edt
|
| 700 |
1 |
|
|a Ziegler, Jens.
|e editor.
|4 edt
|4 http://id.loc.gov/vocabulary/relators/edt
|
| 710 |
2 |
|
|a SpringerLink (Online service)
|
| 773 |
0 |
|
|t Springer eBooks
|
| 776 |
0 |
8 |
|i Printed edition:
|z 9783662167939
|
| 776 |
0 |
8 |
|i Printed edition:
|z 9783540200574
|
| 830 |
|
0 |
|a Lecture Notes in Artificial Intelligence ;
|v 2801
|
| 856 |
4 |
0 |
|u https://doi.org/10.1007/b12035
|z Full Text via HEAL-Link
|
| 912 |
|
|
|a ZDB-2-SCS
|
| 912 |
|
|
|a ZDB-2-LNC
|
| 912 |
|
|
|a ZDB-2-BAE
|
| 950 |
|
|
|a Computer Science (Springer-11645)
|